Learning the principles of plant pathology (Record no. 8808)

000 -LEADER
fixed length control field 00264nam a22001217a 4500
040 ## - CATALOGING SOURCE
Transcribing agency SY
082 ## - DEWEY DECIMAL CLASSIFICATION NUMBER
Classification number 632
100 ## - MAIN ENTRY--AUTHOR NAME
Personal name LINA L. IIag
245 ## - TITLE STATEMENT
Title Learning the principles of plant pathology
260 ## - PUBLICATION, DISTRIBUTION, ETC. (IMPRINT)
Place of publication UPLB
Name of publisher LINA L. IIag
Year of publication 2002
300 ## - PHYSICAL DESCRIPTION
Number of Pages 267P.
942 ## - ADDED ENTRY ELEMENTS (KOHA)
Koha item type សៀវភៅភាសាអង់គ្លេស
952 ## - LOCATION AND ITEM INFORMATION (KOHA)
Withdrawn status [LOCAL, KOHA] 0
952 ## - LOCATION AND ITEM INFORMATION (KOHA)
Withdrawn status [LOCAL, KOHA] 0
952 ## - LOCATION AND ITEM INFORMATION (KOHA)
Withdrawn status [LOCAL, KOHA] 0
Holdings
Permanent Location Date acquired Koha item type Lost status Shelving location Barcode Current Location Full call number
Library Block C2016-08-16សៀវភៅភាសាអង់គ្លេស C258RUA045998Library Block C632 LIN 2002 C258
Library Block C2016-08-16សៀវភៅភាសាអង់គ្លេស C258RUA045485Library Block C632 LIN 2002 C258
Library Block C2016-10-05សៀវភៅភាសាអង់គ្លេស  RUA045620Library Block C632 LIN 2002 C233
មជ្ឈមណ្ឌលឯការនៃសាកលវិទ្យាល័យភូមិន្ទកសិកម្មចំការដូង

Powered by Koha